LIBRARY & INFORMATION CENTRE, KCAET, TAVANUR

ONLINE PUBLIC ACCESS CATALOGUE (OPAC)

Proceedings Xth national convention of agricultural engineers / (Record no. 10670)

MARC details
000 -LEADER
fixed length control field 00493cam a2200169ua 4500
041 ## - LANGUAGE CODE
Language code of text/sound track or separate title eng
082 ## - DEWEY DECIMAL CLASSIFICATION NUMBER
Classification number 028.74631
Item number TOM/PR
100 ## - MAIN ENTRY--AUTHOR NAME
Personal name Tomar, Sadachari Singh .
245 ## - TITLE STATEMENT
Title Proceedings Xth national convention of agricultural engineers /
260 ## - PUBLICATION, DISTRIBUTION, ETC. (IMPRINT)
Place of publication Madhya Pradesh :
Name of publisher Institution of engineers India ,
Year of publication 1996.
300 ## - PHYSICAL DESCRIPTION
Number of Pages 370 ; .
942 ## - ADDED ENTRY ELEMENTS (KOHA)
Koha item type Books
Holdings
Withdrawn status Lost status Damaged status Home library Current library Date acquired Full call number Accession Number Koha item type
      KAUAET KAUAET 07/04/2012 028.74631 19528 Reference
free website counter